| 000 | 00869nac a22002291u 4500 | ||
|---|---|---|---|
| 010 | _a2001032949 | ||
| 020 | _a0072410817 (pbk. : alk. paper) | ||
| 020 | _a0071123407 | ||
| 082 | 0 | 0 |
_a658.84 _bG8156 |
| 090 |
_c1062 _d1062 |
||
| 100 | _aGreenstein, Marilyn. | ||
| 245 | 1 | 0 |
_aElectronic commerce : _bsecurity, risk management, and control / _cMarilyn Greenstein, Miklos Vasarhelyi. |
| 250 | _a2nd ed. | ||
| 260 |
_aBoston : _bMcGraw Hill,2002 _cc2002. |
||
| 300 |
_axxiii, 495 p. : _bill. ; _c26 cm. |
||
| 504 | _aIncludes bibliographical references and index. | ||
| 650 | 0 | _aElectronic commerce. | |
| 650 | 0 | _aRisk management. | |
| 700 | 1 | _aVasarhelyi, Miklos A. | |
| 942 |
_cBB _k658.84G8156 |
||
| 999 |
_c1062 _d1062 |
||